|
|
แสดงรายละเอียดบรรณานุกรม |
|
|
Brief Record
: Get Marc (ISO 2709)
: E-mail record
: |
| LEADER 00000nama 2200000uu 4500 | |||
| 008 040531s2549 th m m a000 0 tha d | |||
| 020 974-8133-76-1 | |||
| 041 tha | |||
| 050 วจ LB2430.T5 ก581 | |||
| 100 เกียรติบังอร จินดากุลและบุญเอิบ เขตต์สาคร | |||
| 245 ความพึงพอใจของผู้ใช้บัณฑิตหลักสูตรพยาบาลศาสตรบัณฑิตและหลักสูตรพยาบาลศาสตรบัณฑิต(ต่อเนื่อง)ที่สำเร็จการศึกษา ปีพ.ศ.2545,2546และ2547 001 | |||
| 246 บุญเอิบ เขตต์สาคร | |||
| 260 2549 | |||
| 300 90 หน้า | |||
| 650 วิทยาลัยพยาบาลพระปกเกล้า--บัณฑิต--วิจัย | |||
| 998 2007-01-30 | |||
| คุณยังไม่ได้ล็อกอิน คุณสามารถมีกิจกรรมร่วมกับเว็บไซต์ได้ แต่ต้องล็อกอินก่อน :: |
|
| สถานะ | |||||||||
| 1. | หนังสือทั่วไป | วจ LB2430.T5 ก581 2549 | On Shelf ขอยืม | ||||||
| [แสดง 1/1 รายการ] | |||||||||
BibComment |
| คอมเมนท์ทรัพยากรรายการนี้ |
|
|